000 00807cam a2200217 a 4500
999 _c2640
_d2640
020 _a0395709431
020 _a9780395709436
050 0 0 _aHD70.U5
_b.H54
100 1 _aHill, Charles W. L.
245 1 0 _aStrategic management :
_ban integrated approach /
_cCharles W.L. Hill, Gareth R. Jones.
250 _a3rd ed.
260 _aBoston :
_bHoughton Mifflin Co.,
_cc1995.
300 _axxiii, 436, [557] p. :
_bill. ;
_c26 cm.
500 _aIncludes index
505 _aIntroduction to strategic management -- The nature of competitive advantage -- Strategies -- Implementing strategy -- Cases in strategic management.
650 0 _aManagement
_xCase studies.
650 0 _aStrategic planning
_xCase studies.
650 0 _aBusiness planning
_xCase studies.
700 1 _aJones, Gareth R.
942 _cBK